| 000 | 02246cam a22004574i 4500 | ||
|---|---|---|---|
| 003 | PE-LiUPU | ||
| 005 | 20250731165400.0 | ||
| 008 | 150924s2008 pe grm 000 0 spa d | ||
| 035 | _a(Sirsi) a154598 | ||
| 040 |
_aPE-LiUPU _bspa _cPE-LiUPU _erda |
||
| 099 |
_aTE 3 _bK78 2008 |
||
| 100 | 1 |
_aKovács Halay, István János _eautor |
|
| 245 | 1 |
_aTécnicas de Relaciones Públicas en los programas educativos de la ONG PREDES y su influencia sobre la formación de capacidades en los pobladores para afrontar los desastress naturales en el Asentamiento Humano Nicolás de Pierola de Chosica / _cIstván János Kovács Halay. |
|
| 264 | 0 | _c2008. | |
| 300 |
_a345 hojas _c31 cm |
||
| 336 |
_atext _2rdacontent |
||
| 337 |
_aunmediated _2rdamedia |
||
| 338 |
_avolume _2rdacarrier |
||
| 502 |
_aTesis _b(Mg.) -- _cUniversidad Peruana Unión, _d2008. |
||
| 504 | _aIncluye referencias | ||
| 520 | 3 | _aEl presente trabajo de investigación es innovador porque aplicó un programa educativo de prevención de desastres junto con las técnicas de Relaciones Públicas, principalmente la técnica de la administración de la controversia pública. Para ello se diseñó el siguiente plan de investigación y aplicación del programa educativo de prevención de desastres, el cual consistió en aplicar un pre test en dos Asentamientos humanos: Nicolás de Piérola y Pedregal Alto Siglo XXI para conocer la realidad educativa sobre la vulnerabilidad y prevención de desastres entre ambas poblaciones y conocer el concepto que tienen sobre la organización no gubernamental. | |
| 526 | _aSEG44 | ||
| 526 | _aSEG26 | ||
| 526 | _aP151 | ||
| 526 | _aP150 | ||
| 526 | _aP149 | ||
| 526 | _aP146 | ||
| 526 | _aP145 | ||
| 526 | _aP126 | ||
| 526 | _aP125 | ||
| 526 | _aP92 | ||
| 526 | _aP75 | ||
| 526 | _aP74 | ||
| 526 | _aP27 | ||
| 526 | _aP15 | ||
| 650 | 0 | 4 |
_aOrganizaciones no gubernamentales _xDesastres naturales _xPlanes y programas _vTesis. |
| 650 | 0 | 4 |
_aRelaciones públicas _xOrganizaciones no gubernamentales _vTesis. |
| 596 | _a1 | ||
| 942 |
_2ddc _cTESIS |
||
| 999 |
_aTE 3 K78 2008 _wALPHANUM _c7300 _iT01081 _lCCODEBUL3 _mBUL _r1 _sY _tTESIS _u2015-9-24 _xPOSGRADO _PP57 _o.STAFF. Tesis _d7300 |
||
| 980 |
_81 _gALBERTO SANCHEZ Responsable de Automatización |
||